Nordic Geography By Letter - C - Statistics

General Stats
  • This quiz has been taken 59 times
  • The average score is 7 of 12
Answer Stats
Hint Answer % Correct
Capital city of Denmark Copenhagen
100%
Most followed religion in the Nordic Countries Christianity
93%
Symbol that appears in every Nordic flag Cross
91%
One of the biggest contributors for the economy of Svalbard {Coal} mining
78%
District in Denmark or a beer company Carlsberg
63%
The Svalbard kirke is the world's northernmost ______ Church
59%
Symbol of Sweden: Three _____ Crowns
57%
Area nicknamed "Free city" associated with hippies Christiania
50%
Sveaborg, a World Heritage site, is a _____ located on an island Castle
48%
Name for the first-level subdivisions of Finland and Sweden County
48%
Region in which the city above is located Capital
24%
Nordkinn and Mordis Jesup are examples of this geographical formation Cape
20%
No matching quizzes found
Score Distribution
Percent of People with Each Score
Percentile by Number Answered
Your Score History
You have not taken this quiz